Statistics for Guess the Football Club Part 5

Click here to take the quiz!

General Stats

  • This quiz has been taken 86 times
  • The average score is 6 of 12

Answer Stats

Answer% Correct
Dynamo Moscow
71%
AC Sparta Praha
69%
Villarreal CF
64%
Manchester City
61%
Genoa CFC
56%
Reading
52%
Sevilla FC
51%
RC Lens
48%
Shakhtar Donetsk
29%
Bursaspor
25%
FC Twente
21%
Club Deportivo Guadalajara
4%

Score Distribution

Percentile by Number Answered

Percent of People with Each Score

Your Score History

You have not taken this quiz